[Event "Ïåðâåíñòâî Ìîñêâû "]
[Site "ÐœÐ¾Ñ�ÐºÐ²Ð°, ÐœÐ“Ð˜ÐœÐž Ð¿Ñ€."]
[Date "2018.11.23"]
[Round "7.1"]
[White "Lukyanenko, Artemiy"]
[Black "Makarian, Rudik"]
[Result "0-1"]
[WhiteElo "1921"]
[BlackElo "2354"]
[PlyCount "85"]
[EventDate "2018.11.18"]

1. d4 Nf6 2. Nf3 g6 3. Bg5 Bg7 4. c3 O-O 5. Nbd2 d5 6. e3 b6 7. Be2 Ba6 8. O-O
c5 9. Bxa6 Nxa6 10. Ne5 Nc7 11. Qa4 Qe8 12. Qxe8 Rfxe8 13. Bxf6 Bxf6 14. Nd3 c4
15. Nf4 b5 16. b4 a5 17. a3 Ra7 18. Rfd1 Rea8 19. Rac1 e6 20. Ne2 axb4 21. axb4
Ra2 22. Kf1 Be7 23. Ke1 R8a4 24. Nb1 Na6 25. Kf1 Kf8 26. f3 Ke8 27. Rd2 Kd7 28.
Rcd1 Ra1 29. Rc1 Kc6 30. Rdc2 Bxb4 31. cxb4 Nxb4 32. Rd2 Na2 33. Rcd1 b4 34.
Ke1 c3 35. Rc2 b3 36. Rxc3+ Nxc3 37. Nexc3 R4a2 38. Rd2 Rxd2 39. Kxd2 Ra2+ 40.
Kd3 Rxg2 41. Nd2 b2 42. Ncb1 Rxh2 43. Nc3 {çàïèñü íå ÿñíà} 0-1

[Event "Ïåðâåíñòâî Ìîñêâû "]
[Site "ÐœÐ¾Ñ�ÐºÐ²Ð°, ÐœÐ“Ð˜ÐœÐž Ð¿Ñ€."]
[Date "2018.11.23"]
[Round "7.2"]
[White "Kretov, Leonid"]
[Black "Perov, German"]
[Result "0-1"]
[WhiteElo "2152"]
[BlackElo "2187"]
[PlyCount "154"]
[EventDate "2018.11.18"]

1. c4 Nf6 2. Nc3 d5 3. cxd5 Nxd5 4. g3 c5 5. Bg2 Nc7 6. Nf3 Nc6 7. d3 e5 8. O-O
Be7 9. Nd2 O-O 10. Nc4 f6 11. f4 exf4 12. Bxf4 Be6 13. Qd2 Nd5 14. Nxd5 Bxd5
15. Bxd5+ Qxd5 16. e4 Qd7 17. Rad1 Rad8 18. Be3 b5 19. Na5 Ne5 20. d4 cxd4 21.
Bxd4 Nc6 22. Nxc6 Qxc6 23. Qc3 Qxc3 24. bxc3 a6 25. Rf5 Rd7 26. Rd5 Rc7 27. e5
fxe5 28. Bxe5 Rc5 29. Rxc5 Bxc5+ 30. Bd4 Bxd4+ 31. Rxd4 Rf3 32. Rd6 a5 33. Rc6
Rd3 34. Rc5 a4 35. Kf1 Rd1+ 36. Ke2 Ra1 37. Rxb5 Rxa2+ 38. Kf1 Rxh2 39. Ra5 Ra2
40. Ra7 a3 41. c4 Kf8 42. c5 Ke8 43. c6 Kd8 44. c7+ Kc8 45. Kg1 h5 46. Kh1 g5
47. Kg1 h4 48. gxh4 gxh4 49. Kh1 h3 50. Kg1 Rg2+ 51. Kh1 a2 52. Ra3 Kxc7 53.
Ra8 Kb6 54. Rb8+ Kc5 55. Rb5+ Kc4 56. Rb4+ Kc3 57. Rb3+ Kc2 58. Rb2+ Kc1 59.
Rb1+ Kd2 60. Rb2+ Ke1 61. Rb1+ Ke2 62. Rb2+ Ke3 63. Rb3+ Kd2 64. Rb2+ Kc1 65.
Rb1+ Kc2 66. Rb2+ Kc3 67. Rb3+ Kc4 68. Rb4+ Kd3 69. Rb3+ Ke2 70. Rb2+ Kf3 71.
Rb3+ Kg4 72. Rb4+ Kh5 73. Rh4+ Kg5 74. Rh5+ Kf4 75. Rf5+ Ke3 76. Rf3+ Kd2 77.
Rxh3 Re2 0-1

[Event "Ïåðâåíñòâî Ìîñêâû "]
[Site "ÐœÐ¾Ñ�ÐºÐ²Ð°, ÐœÐ“Ð˜ÐœÐž Ð¿Ñ€."]
[Date "2018.11.23"]
[Round "7.3"]
[White "Shatunov, Leonid"]
[Black "Zhukov, Anton"]
[Result "0-1"]
[WhiteElo "1967"]
[BlackElo "2151"]
[PlyCount "65"]
[EventDate "2018.11.18"]

1. d4 Nf6 2. Bf4 c5 3. e3 Qb6 4. Nc3 d6 5. Bb5+ Bd7 6. Bxd7+ Nbxd7 7. Rb1 g6 8.
Nf3 Bg7 9. h3 O-O 10. O-O Qa5 11. Qd3 a6 12. e4 cxd4 13. Nxd4 Qc7 14. Nb3 Rac8
15. Rfe1 Rfe8 16. Re2 Nh5 17. Nd5 Nxf4 18. Nxf4 Ne5 19. Qd1 Nc4 20. c3 Qd7 21.
Nd5 e6 22. Ne3 b5 23. Nd4 Qb7 24. Nec2 Red8 25. f4 e5 26. Nf3 exf4 27. a4 bxa4
28. Ncd4 Ne3 29. Qxa4 Qxe4 30. Rbe1 Bxd4 31. Nxd4 Rc5 32. Qxa6 Rg5 33. Qc6 0-1

[Event "Ïåðâåíñòâî Ìîñêâû "]
[Site "ÐœÐ¾Ñ�ÐºÐ²Ð°, ÐœÐ“Ð˜ÐœÐž Ð¿Ñ€."]
[Date "2018.11.23"]
[Round "7.4"]
[White "Buniatyan, David"]
[Black "Sekoyan, Vachagan"]
[Result "0-1"]
[WhiteElo "1827"]
[BlackElo "1817"]
[PlyCount "68"]
[EventDate "2018.11.18"]

1. e4 g6 2. d4 Bg7 3. Nc3 d6 4. Be3 a6 5. Qd2 b5 6. f3 Nd7 7. h4 h6 8. O-O-O
Bb7 9. h5 g5 10. f4 gxf4 11. Bxf4 b4 12. Nd5 a5 13. Qd3 e6 14. Ne3 Ngf6 15. e5
Ne4 16. Ng4 Qe7 17. Nf3 d5 18. Qe3 Qf8 19. Bd3 c5 20. Bxe4 dxe4 21. Nd2 cxd4
22. Qxd4 Qc5 23. Nxe4 Bxe4 24. Qxd7+ Kf8 25. Rd2 Qc4 26. Rhd1 Kg8 27. b3 Qc3
28. Kb1 a4 29. bxa4 b3 30. Qd4 bxc2+ 31. Kc1 cxd1=Q+ 32. Kxd1 Qxd4 33. Rxd4
Bxg2 34. Rd7 Bf3+ 0-1

[Event "Ïåðâåíñòâî Ìîñêâû "]
[Site "ÐœÐ¾Ñ�ÐºÐ²Ð°, ÐœÐ“Ð˜ÐœÐž Ð¿Ñ€."]
[Date "2018.11.23"]
[Round "7.5"]
[White "Pak, Nikita"]
[Black "Orlov, Aleksandr"]
[Result "1/2-1/2"]
[WhiteElo "1916"]
[BlackElo "1872"]
[PlyCount "62"]
[EventDate "2018.11.18"]

1. e4 e5 2. Nf3 Nf6 3. Nxe5 d6 4. Nf3 Nxe4 5. Nc3 Nxc3 6. dxc3 Be7 7. Be3 c5 8.
Qd2 Be6 9. O-O-O h6 10. Kb1 Nc6 11. Bd3 Qa5 12. c4 Qxd2 13. Nxd2 O-O-O 14. f4
Nb4 15. Be4 f5 16. Bf3 Bf6 17. c3 Nc6 18. h3 Rhe8 19. Kc2 Na5 20. b3 Bxc4 21.
Nxc4 Nxc4 22. Bxc5 dxc5 23. bxc4 b6 24. Rxd8+ Rxd8 25. Rd1 Rxd1 26. Bxd1 Kb8
27. Kd3 Kc8 28. Kc2 Kb8 29. Kd3 Kc8 30. Kc2 Kb8 31. Kd3 Kc8 1/2-1/2

[Event "Ïåðâåíñòâî Ìîñêâû "]
[Site "ÐœÐ¾Ñ�ÐºÐ²Ð°, ÐœÐ“Ð˜ÐœÐž Ð¿Ñ€."]
[Date "2018.11.23"]
[Round "7.6"]
[White "Ivlev, Aleksandr"]
[Black "Vetokhin, Savva"]
[Result "0-1"]
[WhiteElo "1748"]
[BlackElo "1874"]
[PlyCount "84"]
[EventDate "2018.11.18"]

1. d4 Nf6 2. Nf3 g6 3. Bf4 Bg7 4. Nbd2 d6 5. h3 O-O 6. e4 c5 7. c3 Nbd7 8. Bc4
Nh5 9. Bh2 e5 10. dxe5 dxe5 11. Qe2 Qc7 12. O-O-O a6 13. Bd5 Nf4 14. Bxf4 exf4
15. h4 h5 16. Ng5 Ne5 17. Nc4 Bd7 18. Nxe5 Bxe5 19. f3 Rab8 20. Rhf1 b5 21. Qd2
b4 22. Nxf7 Kg7 23. Nxe5 Qxe5 24. Bb3 Bb5 25. c4 Rbd8 26. Qxd8 Rxd8 27. Rxd8
Bc6 28. Rfd1 a5 29. Rc8 Qe6 30. Rc7+ Kh6 31. Rd8 Be8 32. Ba4 Qe5 33. Bxe8 Qxc7
34. Rd5 Qe7 35. Bb5 Qxh4 36. Kc2 Qg3 37. Rd2 g5 38. e5 Qe1 39. Rd6+ Kg7 40.
Rd7+ Kg6 41. Re7 Qe2+ 42. Kb3 Qd1# 0-1

[Event "Ïåðâåíñòâî Ìîñêâû "]
[Site "ÐœÐ¾Ñ�ÐºÐ²Ð°, ÐœÐ“Ð˜ÐœÐž Ð¿Ñ€."]
[Date "2018.11.23"]
[Round "7.7"]
[White "Kurkin, Aleksandr"]
[Black "Gotsiuk, Denis"]
[Result "0-1"]
[WhiteElo "1556"]
[BlackElo "1895"]
[PlyCount "154"]
[EventDate "2018.11.18"]

1. d4 Nf6 2. Nf3 d5 3. g3 Bf5 4. Bg2 c6 5. c4 e6 6. O-O h6 7. Nc3 Be7 8. Bf4
Nh5 9. Be3 Nd7 10. c5 O-O 11. b4 Nhf6 12. Nd2 Ng4 13. Bf4 e5 14. Bxe5 Ndxe5 15.
dxe5 Nxe5 16. Nb3 Bf6 17. Nd4 Bh7 18. Rc1 Re8 19. b5 Qc7 20. bxc6 bxc6 21. Qa4
Rac8 22. Bh3 Nc4 23. Bxc8 Rxc8 24. e3 Nb2 25. Qxc6 Qxc6 26. Nxc6 Rxc6 27. Nxd5
Nd3 28. Rb1 Be4 29. Nxf6+ Rxf6 30. Rb8+ Kh7 31. Re8 Nxc5 32. f4 Re6 33. Rxe6
Nxe6 34. Rd1 Nc5 35. Rc1 Nb7 36. Kf2 f5 37. Rc7 Kg6 38. Ke2 a5 39. Re7 Nd8 40.
g4 Nc6 41. Re6+ Kf7 42. gxf5 Bd5 43. Rd6 Ne7 44. a3 Bc4+ 45. Kf3 a4 46. e4 Bb3
47. Ke3 Nc8 48. Ra6 Ne7 49. Kd4 Ng8 50. e5 Bc2 51. Kc3 Bxf5 52. Rxa4 g5 53.
Ra7+ Ne7 54. Ra6 gxf4 55. Rxh6 Ng6 56. Kd4 Bc8 57. Rh5 Ke6 58. Rg5 Kf7 59. Ke4
Bb7+ 60. Kf5 Bc8+ 61. Ke4 Bb7+ 62. Kd4 Ne7 63. h4 f3 64. Ke3 Ke6 65. h5 Nf5+
66. Kf2 Ne7 67. h6 Be4 68. Ke3 Nd5+ 69. Kf2 Nf4 70. Rg4 Nh3+ 71. Kg3 f2 72.
Rxe4 f1=Q 73. h7 Ng5 74. Re2 Qf3+ 75. Kh4 Nxh7 76. Rc2 Qf4+ 77. Kh3 Qf5+ 0-1

[Event "Ïåðâåíñòâî Ìîñêâû "]
[Site "ÐœÐ¾Ñ�ÐºÐ²Ð°, ÐœÐ“Ð˜ÐœÐž Ð¿Ñ€."]
[Date "2018.11.23"]
[Round "7.8"]
[White "Plaksin, Igor"]
[Black "Drobin, Maxim"]
[Result "0-1"]
[WhiteElo "1893"]
[BlackElo "1596"]
[PlyCount "54"]
[EventDate "2018.11.18"]

1. e4 e6 2. d4 d5 3. Nd2 dxe4 4. Nxe4 Nd7 5. Nf3 Ngf6 6. Bd3 Nxe4 7. Bxe4 Nf6
8. Bg5 Be7 9. Bd3 O-O 10. h4 b6 11. Bxf6 Bxf6 12. Bxh7+ Kxh7 13. Ng5+ Kh6 14.
Qc1 Bxg5 15. hxg5+ Kg6 16. Qf4 Bb7 17. Rh3 Rh8 18. d5 Qxd5 19. Rf3 Qe4+ 20. Kd2
Rad8+ 21. Kc3 Qxf4 22. Rxf4 Bxg2 23. Rg1 Rh3+ 24. Kb4 a5+ 25. Kb5 Rf3 26. Rc4
Rf5+ 27. Ka6 b5 {çàïèñü íå ÿñíà} 0-1

[Event "Ïåðâåíñòâî Ìîñêâû "]
[Site "ÐœÐ¾Ñ�ÐºÐ²Ð°, ÐœÐ“Ð˜ÐœÐž Ð¿Ñ€."]
[Date "2018.11.23"]
[Round "7.9"]
[White "Shlykov, Yaroslav"]
[Black "Belikov, Semen"]
[Result "0-1"]
[WhiteElo "1826"]
[BlackElo "1959"]
[PlyCount "38"]
[EventDate "2018.11.18"]

1. e4 e5 2. Nf3 Nc6 3. Bb5 Bc5 4. c3 f5 5. exf5 e4 6. Qe2 Qe7 7. Bxc6 dxc6 8.
Nd4 Bxd4 9. cxd4 Bxf5 10. Na3 O-O-O 11. Nc2 Nf6 12. b3 Qd7 13. Bb2 Bg4 14. Qe3
Rhf8 15. h3 Bh5 16. O-O Nd5 17. Qg5 Rf5 18. Qh4 Nf4 19. Ne3 g5 0-1

[Event "Ïåðâåíñòâî Ìîñêâû "]
[Site "ÐœÐ¾Ñ�ÐºÐ²Ð°, ÐœÐ“Ð˜ÐœÐž Ð¿Ñ€."]
[Date "2018.11.23"]
[Round "7.10"]
[White "Nikulshin, Alexey"]
[Black "Beliuga, Mikhail"]
[Result "1/2-1/2"]
[WhiteElo "1647"]
[BlackElo "1908"]
[PlyCount "101"]
[EventDate "2018.11.18"]

1. d4 Nf6 2. c4 e6 3. Nf3 Be7 4. g3 O-O 5. Bg2 d5 6. cxd5 exd5 7. O-O Bf5 8.
Nc3 c6 9. Qb3 Qc8 10. Bf4 Ne4 11. Rac1 Nxc3 12. Qxc3 Na6 13. a3 Nc7 14. b4 Nb5
15. Qb2 a6 16. a4 Nd6 17. Bxd6 Bxd6 18. Rc3 Qd7 19. Rb3 Rfc8 20. Rd1 Qe7 21. b5
cxb5 22. Re3 Qf8 23. axb5 Rc2 24. Qb3 Rc4 25. Rc3 Rac8 26. Rdc1 axb5 27. Rxc4
Rxc4 28. Rxc4 bxc4 29. Qxb7 c3 30. Ne1 c2 31. Qc6 Qb8 32. Bxd5 g6 33. e4 Qb1
34. Qxc2 Qxe1+ 35. Kg2 Bd7 36. Qa2 Be6 37. Qa8+ Bf8 38. Bxe6 fxe6 39. Qb7 Qb4
40. Qxb4 Bxb4 41. Kf3 Kf7 42. Ke3 g5 43. g4 Ba3 44. Kd3 e5 45. d5 Ke7 46. Kc4
Kd6 47. Kb5 Bc5 48. f3 Bg1 49. h3 Kc7 50. Ka6 Bb6 51. Kb5 1/2-1/2

[Event "Ïåðâåíñòâî Ìîñêâû "]
[Site "ÐœÐ¾Ñ�ÐºÐ²Ð°, ÐœÐ“Ð˜ÐœÐž Ð¿Ñ€."]
[Date "2018.11.23"]
[Round "7.11"]
[White "Sharapov, Mihail"]
[Black "Lupolov, Boris"]
[Result "0-1"]
[WhiteElo "1628"]
[BlackElo "1879"]
[PlyCount "42"]
[EventDate "2018.11.18"]

1. d4 Nf6 2. Nf3 e6 3. Bf4 c5 4. c3 cxd4 5. cxd4 Qb6 6. Qb3 Qxb3 7. axb3 Nc6 8.
e3 Bb4+ 9. Nc3 Nd5 10. Kd2 Nxf4 11. exf4 b6 12. Ke3 Ne7 13. Bc4 a6 14. Rhd1 Bb7
15. g3 Nf5+ 16. Ke2 b5 17. Bxb5 axb5 18. Rxa8+ Bxa8 19. Nxb5 Ke7 20. Nc3 Rc8
21. Rd3 Bxc3 0-1

[Event "Ïåðâåíñòâî Ìîñêâû "]
[Site "ÐœÐ¾Ñ�ÐºÐ²Ð°, ÐœÐ“Ð˜ÐœÐž Ð¿Ñ€."]
[Date "2018.11.23"]
[Round "7.13"]
[White "Gornostaev, Yakov"]
[Black "Pavlov, Ivan"]
[Result "1-0"]
[WhiteElo "1831"]
[BlackElo "1511"]
[PlyCount "99"]
[EventDate "2018.11.18"]

1. e4 e6 2. d4 d5 3. Nc3 dxe4 4. Nxe4 Nd7 5. g3 Ngf6 6. Nxf6+ Nxf6 7. Bg2 e5 8.
dxe5 Qxd1+ 9. Kxd1 Ng4 10. Ke2 Nxe5 11. Bf4 Bd6 12. h3 Bf5 13. Rc1 O-O-O 14. b3
Rhe8 15. Be3 Ba3 16. Rd1 Bxc2 17. Rxd8+ Rxd8 18. f4 Bd1+ 19. Kf1 Nd3 20. Nf3
Re8 21. Bd4 Be2+ 22. Kg1 Bc5 23. Bxc5 Nxc5 24. Nd4 Bd3 25. Kf2 Be4 26. Bxe4
Nxe4+ 27. Kf3 Nc3 28. Rh2 Nd5 29. Rc2 Re3+ 30. Kf2 Rd3 31. Nb5 Kb8 32. Na3 a5
33. Nc4 b6 34. Ne5 Nb4 35. Re2 Rc3 36. Nxf7 Rc2 37. Ng5 Rxe2+ 38. Kxe2 Nxa2 39.
Kd2 h6 40. Ne6 g6 41. h4 Kc8 42. Nf8 b5 43. Nxg6 Nb4 44. g4 c5 45. g5 hxg5 46.
h5 Nc6 47. h6 Nd8 48. h7 Nf7 49. fxg5 Kd7 50. Ne5+ 1-0

[Event "Ïåðâåíñòâî Ìîñêâû "]
[Site "ÐœÐ¾Ñ�ÐºÐ²Ð°, ÐœÐ“Ð˜ÐœÐž Ð¿Ñ€."]
[Date "2018.11.23"]
[Round "7.14"]
[White "Morozov, Vladimir"]
[Black "Akopjan, Gor"]
[Result "0-1"]
[WhiteElo "1804"]
[BlackElo "1524"]
[PlyCount "50"]
[EventDate "2018.11.18"]

1. e4 c5 2. Nf3 d6 3. Nc3 Nf6 4. d4 cxd4 5. Qxd4 Nc6 6. Bb5 Bd7 7. Bxc6 Bxc6 8.
Bg5 e5 9. Qd3 Be7 10. O-O Qc7 11. Qc4 Rc8 12. Rfe1 O-O 13. Rad1 Rfd8 14. Bxf6
Bxf6 15. Qb3 a6 16. Rd2 b5 17. Red1 Be7 18. h4 Bb7 19. g3 h6 20. Nd5 Bxd5 21.
Qxd5 Qc5 22. Qb7 Rc7 23. Qxa6 Rb8 24. c3 Ra7 25. b4 Qc7 0-1

[Event "Ïåðâåíñòâî Ìîñêâû "]
[Site "ÐœÐ¾Ñ�ÐºÐ²Ð°, ÐœÐ“Ð˜ÐœÐž Ð¿Ñ€."]
[Date "2018.11.23"]
[Round "7.15"]
[White "Agashin, Aleksandr"]
[Black "Lutan, Gleb"]
[Result "1/2-1/2"]
[WhiteElo "1567"]
[BlackElo "1762"]
[PlyCount "105"]
[EventDate "2018.11.18"]

1. d4 Nf6 2. Bf4 e6 3. e3 b6 4. Nf3 Bb7 5. Nbd2 c5 6. c4 Be7 7. h3 O-O 8. Bd3
cxd4 9. exd4 d5 10. O-O Nc6 11. Nb3 Rc8 12. c5 Nb4 13. Rc1 Nxd3 14. Qxd3 Ne4
15. Qb5 Bc6 16. Qa6 bxc5 17. Nxc5 Nd6 18. Bxd6 Qxd6 19. Ne5 f6 20. Nxc6 Rxc6
21. Qxa7 Rfc8 22. Nd3 Kf7 23. Rxc6 Rxc6 24. b4 Ra6 25. Qc5 Rxa2 26. Rd1 Qa6 27.
Qc3 Ra3 28. Qd2 Qc4 29. Nc5 Ra2 30. Qe1 Re2 31. Qf1 Rc2 32. Qe1 Re2 33. Qf1 Rb2
34. Qe1 Qe2 35. Qxe2 Rxe2 36. Nd3 Rc2 37. b5 Rc3 38. Nc1 Ba3 39. Ne2 Rb3 40.
Ra1 Bd6 41. Ra7+ Kg6 42. g3 Rxb5 43. Ra6 Rb2 44. Kf1 Rb1+ 45. Kg2 Bb8 46. Rxe6
Kf7 47. Ra6 Rb4 48. Kf3 Ke7 49. Ke3 Rb3+ 50. Kd2 Rf3 51. Ke1 Rd3 52. Rb6 Bc7
53. Rb5 {çàïèñü íå ÿñíà} 1/2-1/2

[Event "Ïåðâåíñòâî Ìîñêâû "]
[Site "ÐœÐ¾Ñ�ÐºÐ²Ð°, ÐœÐ“Ð˜ÐœÐž Ð¿Ñ€."]
[Date "2018.11.23"]
[Round "7.16"]
[White "Metelkin, Zakhar"]
[Black "Rodnikov, Alexei"]
[Result "0-1"]
[WhiteElo "1436"]
[BlackElo "1416"]
[PlyCount "124"]
[EventDate "2018.11.18"]

1. c4 e6 2. e4 d5 3. exd5 exd5 4. d4 dxc4 5. Bxc4 Nf6 6. Nc3 Be7 7. Nf3 O-O 8.
O-O Bg4 9. Re1 Nbd7 10. Qd3 Nb6 11. Bb3 c6 12. Ne5 Be6 13. Bc2 Nbd5 14. Bg5 Nb4
15. Qd2 Nxc2 16. Qxc2 Qxd4 17. Rad1 Qb6 18. Na4 Qa5 19. Bxf6 Bxf6 20. Nc5 Bxe5
21. Rxe5 Qxa2 22. Nxe6 fxe6 23. Rh5 Rf5 24. Rxf5 exf5 25. Qxf5 Qxb2 26. Qe6+
Kh8 27. Qe7 Rg8 28. h3 b5 29. Qxa7 Qc3 30. Qc7 b4 31. Rd8 h6 32. Rxg8+ Kxg8 33.
Qc8+ Kf7 34. Qd7+ Kf6 35. Qd6+ Kf5 36. g4+ Ke4 37. Qg6+ Kf3 38. Qb1 b3 39. Qf5+
Ke2 40. Qe4+ Kd1 41. g5 b2 42. gxh6 gxh6 43. Qa4+ Qc2 44. Qd4+ Kc1 45. Qe3+ Kb1
46. Kh2 c5 47. Qe1+ Ka2 48. Qa5+ Kb3 49. Qb5+ Ka3 50. Qa5+ Qa4 51. Qxc5+ Ka2
52. Qd5+ Ka1 53. Qe5 Qc2 54. Qa5+ Kb1 55. Qe1+ Ka2 56. Qa5+ Kb3 57. Qb5+ Kc3
58. Qc5+ Kd2 59. Qd5+ Ke2 60. Qe5+ Kxf2 61. Qg3+ Ke2 62. Kg2 b1=Q 0-1

[Event "Ïåðâåíñòâî Ìîñêâû "]
[Site "ÐœÐ¾Ñ�ÐºÐ²Ð°, ÐœÐ“Ð˜ÐœÐž Ð¿Ñ€."]
[Date "2018.11.23"]
[Round "7.17"]
[White "Morozov, Fedor"]
[Black "Kozhukhov, Aleksandr"]
[Result "1/2-1/2"]
[WhiteElo "1490"]
[BlackElo "1745"]
[PlyCount "92"]
[EventDate "2018.11.18"]

1. e4 c5 2. c3 Nf6 3. e5 Nd5 4. d4 cxd4 5. cxd4 d6 6. exd6 Qxd6 7. Nc3 Nc6 8.
Bb5 a6 9. Bc4 Nb6 10. Bb3 Nxd4 11. Be3 e5 12. Nge2 Nxe2 13. Qxe2 Nd7 14. Qc4
Qg6 15. O-O Bd6 16. f4 O-O 17. f5 Qf6 18. Nd5 Qd8 19. f6 Nxf6 20. Bb6 Qe8 21.
Nxf6+ gxf6 22. Rxf6 Be7 23. Rf3 Be6 24. Qe4 Qb5 25. Bf2 Bxb3 26. Rxb3 Qc6 27.
Qxe5 Bf6 28. Qf5 Bg7 29. Rf1 Rad8 30. Rb6 Rd5 31. Qf3 Qd7 32. Qb3 Rb5 33. Qg3
Kh8 34. b3 Rc8 35. Rd6 Qc7 36. Rd2 Qxg3 37. Bxg3 Bc3 38. Rd3 f5 39. Bf2 Be5 40.
Bd4 Bxd4+ 41. Rxd4 Rc7 42. Rdf4 Rf7 43. g4 Rg7 44. Rxf5 Rxg4+ 45. Kh1 Rxf5 46.
Rxf5 Kg7 1/2-1/2

[Event "Ïåðâåíñòâî Ìîñêâû "]
[Site "ÐœÐ¾Ñ�ÐºÐ²Ð°, ÐœÐ“Ð˜ÐœÐž Ð¿Ñ€."]
[Date "2018.11.23"]
[Round "7.18"]
[White "Golitsyn, Georgiy"]
[Black "Kuzhelev, Timur"]
[Result "1/2-1/2"]
[WhiteElo "1283"]
[BlackElo "1595"]
[PlyCount "116"]
[EventDate "2018.11.18"]

1. d4 Nf6 2. Bf4 g6 3. Nf3 Bg7 4. e3 O-O 5. Nbd2 d6 6. Be2 Nbd7 7. h3 Re8 8.
O-O e5 9. dxe5 dxe5 10. Bh2 Nd5 11. Nc4 c6 12. c3 b5 13. Nd6 Re6 14. Nxb5 Qb6
15. e4 Nf4 16. Bxf4 exf4 17. Nd6 Qc7 18. Nxc8 Rxc8 19. Nd4 Bxd4 20. Qxd4 Nf6
21. f3 Rd8 22. Qa4 Qb6+ 23. Kh2 Rd2 24. Qc4 Qxb2 25. Rfb1 Qc2 26. Rc1 Qb2 27.
Rcb1 Qc2 28. Rc1 Qb2 29. Rcb1 Qa3 30. Rd1 Red6 31. e5 Rxd1 32. Rxd1 Rxd1 33.
Bxd1 Nh5 34. e6 fxe6 35. Qxe6+ Kg7 36. Bb3 Qc5 37. Qf7+ Kh6 38. Qc4 Qf2 39. Qe4
Qe3 40. Be6 Qxc3 41. Bg4 Qf6 42. Qa4 Ng3 43. Qc4 Qe5 44. Bd7 c5 45. Bb5 a5 46.
a4 Qd4 47. Qc1 Kg5 48. Qe1 Nf5 49. Qxa5 c4 50. Qc7 c3 51. a5 Qd2 52. Ba4 Qd3
53. Qc5 Kh6 54. Qf8+ Kg5 55. Qc5 Kh6 56. Qf8+ Kg5 57. Qc5 Qe3 58. Qc4 Qe1
1/2-1/2

[Event "Ïåðâåíñòâî Ìîñêâû "]
[Site "ÐœÐ¾Ñ�ÐºÐ²Ð°, ÐœÐ“Ð˜ÐœÐž Ð¿Ñ€."]
[Date "2018.11.23"]
[Round "7.19"]
[White "Ivanov-Chernets, Kirill"]
[Black "Gavrilov, Victor"]
[Result "0-1"]
[WhiteElo "1670"]
[BlackElo "1746"]
[PlyCount "64"]
[EventDate "2018.11.18"]

1. d4 Nf6 2. Nf3 b6 3. g3 Bb7 4. Bg2 g6 5. O-O Bg7 6. c4 d6 7. Nc3 O-O 8. Qc2
Nbd7 9. e4 e5 10. d5 a5 11. Be3 Bc8 12. h3 Nc5 13. Nd2 Nh5 14. Kh2 f5 15. exf5
gxf5 16. Bxc5 bxc5 17. Qd3 Qf6 18. Rab1 Kh8 19. Qe2 Qg6 20. a3 Rg8 21. Rg1 e4
22. Nb5 Be5 23. Nf1 Rg7 24. b4 cxb4 25. axb4 a4 26. Rb2 Bxb2 27. Qxb2 f4 28. g4
Nf6 29. Nd2 Nxg4+ 30. hxg4 Qxg4 31. Qxg7+ Qxg7 32. Rh1 f3 0-1

[Event "Ïåðâåíñòâî Ìîñêâû "]
[Site "ÐœÐ¾Ñ�ÐºÐ²Ð°, ÐœÐ“Ð˜ÐœÐž Ð¿Ñ€."]
[Date "2018.11.24"]
[Round "8.1"]
[White "Sekoyan, Vachagan"]
[Black "Makarian, Rudik"]
[Result "1/2-1/2"]
[WhiteElo "1817"]
[BlackElo "2354"]
[PlyCount "140"]
[EventDate "2018.11.18"]

1. e4 e6 2. d3 d5 3. Nd2 Nf6 4. Ngf3 c5 5. g3 Nc6 6. Bg2 Be7 7. O-O O-O 8. Re1
b5 9. e5 Nd7 10. Nf1 Qc7 11. Bf4 Bb7 12. h4 Rfc8 13. N1h2 Qd8 14. Ng5 h6 15.
Ngf3 a5 16. Qd2 a4 17. a3 b4 18. h5 Bf8 19. g4 Be7 20. g5 hxg5 21. Nxg5 Ncxe5
22. Nxe6 fxe6 23. Bxe5 Nxe5 24. Rxe5 Bf6 25. Rae1 Bxe5 26. Rxe5 Qh4 27. Nf3 Qf6
28. d4 bxa3 29. bxa3 cxd4 30. Rg5 d3 31. cxd3 Rf8 32. Rg6 Qf4 33. Qb2 Rf7 34.
Ng5 Rc8 35. Nxf7 Qc1+ 36. Qxc1 Rxc1+ 37. Kh2 Kxf7 38. Bh3 Bc8 39. Rg4 Bd7 40.
Rf4+ Kg8 41. Rb4 Rc3 42. Rb7 Bc8 43. Ra7 Kh7 44. Rxa4 Rxd3 45. Ra7 Rc3 46. Re7
Rc6 47. Kg3 Kh6 48. Bf1 Kxh5 49. Rxg7 Kh6 50. Re7 Kg6 51. f4 Kf6 52. Re8 Rc3+
53. Kf2 Bd7 54. Ra8 Bc6 55. Rc8 d4 56. Be2 Ke7 57. Ke1 Kd7 58. Rb8 Rxa3 59. Rb4
Ra4 60. Rxa4 Bxa4 61. Kd2 Kd6 62. Bc4 Bd7 63. Kd3 Kc5 64. Ba2 Bb5+ 65. Ke4 Bc4
66. Bb1 Be2 67. Ke5 Bg4 68. Bd3 Bf5 69. Be2 Bh3 70. Bd3 Bg4 1/2-1/2

[Event "Ïåðâåíñòâî Ìîñêâû "]
[Site "ÐœÐ¾Ñ�ÐºÐ²Ð°, ÐœÐ“Ð˜ÐœÐž Ð¿Ñ€."]
[Date "2018.11.24"]
[Round "8.2"]
[White "Perov, German"]
[Black "Vetokhin, Savva"]
[Result "1/2-1/2"]
[WhiteElo "2187"]
[BlackElo "1874"]
[PlyCount "82"]
[EventDate "2018.11.18"]

1. Nf3 Nf6 2. g3 g6 3. b3 Bg7 4. Bb2 O-O 5. Bg2 d6 6. d4 c5 7. c4 Nc6 8. O-O a6
9. Nc3 Rb8 10. e3 Bf5 11. Qe2 Ne4 12. Nxe4 Bxe4 13. d5 Bxb2 14. Qxb2 Na5 15.
Nd2 Bxg2 16. Kxg2 b5 17. Rac1 bxc4 18. Nxc4 Rb4 19. h4 Nxc4 20. Rxc4 Qb6 21.
Qc3 Rxc4 22. Qxc4 Qb5 23. Qe4 Qd7 24. h5 Qf5 25. Qxf5 gxf5 26. Kf3 Kg7 27. Kf4
e6 28. Rd1 Rd8 29. e4 fxe4 30. Kxe4 Kh6 31. f4 Kxh5 32. f5 exd5+ 33. Kxd5 Kg5
34. Rf1 Kf6 35. Rh1 Kxf5 36. Rxh7 Kf6 37. Rh4 Ke7 38. Re4+ Kd7 39. Rf4 Ke7 40.
Re4+ Kd7 41. Rf4 Ke7 1/2-1/2

[Event "Ïåðâåíñòâî Ìîñêâû "]
[Site "ÐœÐ¾Ñ�ÐºÐ²Ð°, ÐœÐ“Ð˜ÐœÐž Ð¿Ñ€."]
[Date "2018.11.24"]
[Round "8.3"]
[White "Zhukov, Anton"]
[Black "Drobin, Maxim"]
[Result "1-0"]
[WhiteElo "2151"]
[BlackElo "1596"]
[PlyCount "105"]
[EventDate "2018.11.18"]

1. d4 d5 2. c4 c6 3. Nf3 Nf6 4. Qb3 dxc4 5. Qxc4 Bf5 6. g3 e6 7. Bg2 Nbd7 8. e3
Nb6 9. Qe2 Bd6 10. O-O h6 11. Nbd2 Ne4 12. Rd1 Nxd2 13. Nxd2 Bc2 14. Re1 Bg6
15. b3 h5 16. h4 Bf5 17. e4 Bg4 18. Qe3 Qe7 19. Bb2 e5 20. Nf3 Nd7 21. dxe5
Nxe5 22. Rad1 Nxf3+ 23. Bxf3 Be5 24. Bxe5 Qxe5 25. Bxg4 hxg4 26. Qd2 O-O 27.
Qd7 Rad8 28. Qxg4 Rxd1 29. Rxd1 Re8 30. Rd7 Qxe4 31. Qxe4 Rxe4 32. Rxb7 a5 33.
Rb6 Re2 34. a4 Rc2 35. Kg2 Kf8 36. Rb7 g6 37. Kf3 Kg7 38. Ke3 Kf6 39. g4 c5 40.
f3 c4 41. b4 Ra2 42. bxa5 Rxa4 43. Rb6+ Ke7 44. a6 Kd7 45. h5 gxh5 46. gxh5
Ra3+ 47. Kd4 Kc7 48. Rf6 Ra5 49. h6 Rh5 50. a7 Kb7 51. Rxf7+ Ka8 52. h7 Rh4+
53. Ke3 1-0

[Event "Ïåðâåíñòâî Ìîñêâû "]
[Site "ÐœÐ¾Ñ�ÐºÐ²Ð°, ÐœÐ“Ð˜ÐœÐž Ð¿Ñ€."]
[Date "2018.11.24"]
[Round "8.4"]
[White "Orlov, Aleksandr"]
[Black "Kretov, Leonid"]
[Result "1/2-1/2"]
[WhiteElo "1872"]
[BlackElo "2152"]
[PlyCount "111"]
[EventDate "2018.11.18"]

1. c4 Nf6 2. Nf3 d5 3. g3 c6 4. Bg2 Bf5 5. O-O e6 6. d3 Bd6 7. Nc3 O-O 8. Qb3
Qb6 9. Qxb6 axb6 10. cxd5 exd5 11. Rd1 Bc5 12. Nh4 Be6 13. d4 Bd6 14. Bf4 Bxf4
15. gxf4 g6 16. a4 Nbd7 17. b4 Ne8 18. e4 dxe4 19. Bxe4 Ndf6 20. Bf3 Nc7 21. b5
Ncd5 22. Nxd5 Bxd5 23. Rdb1 Rfb8 24. a5 bxa5 25. bxc6 bxc6 26. Rxb8+ Rxb8 27.
Rxa5 Rb4 28. Bxd5 Nxd5 29. f5 Rxd4 30. Nf3 Rd1+ 31. Kg2 gxf5 32. Nh4 Kg7 33.
Rc5 Rd3 34. Nxf5+ Kf6 35. Ne3 Nxe3+ 36. fxe3 Rxe3 37. Rxc6+ Kg5 38. Rc2 f5 39.
h3 h5 40. Ra2 h4 41. Rb2 Rg3+ 42. Kh2 Re3 43. Kg2 Kf4 44. Rb4+ Re4 45. Rb2 Re3
46. Rb4+ Kg5 47. Rb2 f4 48. Rb5+ Kg6 49. Rb6+ Kf5 50. Rb5+ Re5 51. Rb2 Rd5 52.
Ra2 Rd3 53. Ra4 Ke5 54. Ra8 Rg3+ 55. Kf2 f3 56. Re8+ 1/2-1/2

[Event "Ïåðâåíñòâî Ìîñêâû "]
[Site "ÐœÐ¾Ñ�ÐºÐ²Ð°, ÐœÐ“Ð˜ÐœÐž Ð¿Ñ€."]
[Date "2018.11.24"]
[Round "8.6"]
[White "Lupolov, Boris"]
[Black "Shatunov, Leonid"]
[Result "1-0"]
[WhiteElo "1879"]
[BlackElo "1967"]
[PlyCount "78"]
[EventDate "2018.11.18"]

1. d4 d5 2. c4 e6 3. Nf3 c6 4. Nbd2 f5 5. g3 Nd7 6. Bg2 Bd6 7. O-O Ngf6 8. Ne1
O-O 9. Nd3 Ne4 10. Qc2 Qf6 11. Nf3 g5 12. Nfe5 Bxe5 13. dxe5 Nxe5 14. cxd5 exd5
15. Nxe5 Qxe5 16. f3 Nxg3 17. hxg3 Qxg3 18. f4 g4 19. Qc3 Qxc3 20. bxc3 h5 21.
Rd1 Kf7 22. Kf2 h4 23. e3 Be6 24. a4 Rh8 25. Rb1 b6 26. Bb2 Rh7 27. c4 Rc8 28.
cxd5 g3+ 29. Kg1 cxd5 30. Rbc1 Rd8 31. Rc7+ Bd7 32. Bxd5+ Kg6 33. Bf3 Re8 34.
Rd6+ Be6 35. Rxh7 Kxh7 36. Bc6 Rc8 37. Rxe6 Rd8 38. Bd4 h3 39. Re7+ Kh6 1-0

[Event "Ïåðâåíñòâî Ìîñêâû "]
[Site "ÐœÐ¾Ñ�ÐºÐ²Ð°, ÐœÐ“Ð˜ÐœÐž Ð¿Ñ€."]
[Date "2018.11.24"]
[Round "8.7"]
[White "Belikov, Semen"]
[Black "Pak, Nikita"]
[Result "0-1"]
[WhiteElo "1959"]
[BlackElo "1916"]
[PlyCount "62"]
[EventDate "2018.11.18"]

1. e4 c5 2. Nf3 e6 3. d4 cxd4 4. Nxd4 a6 5. c4 Nf6 6. Nc3 Qc7 7. Bd3 d6 8. O-O
Nbd7 9. Nf3 b6 10. Re1 Bb7 11. Bf4 Rc8 12. Rc1 Be7 13. h4 O-O 14. Na4 Qb8 15.
Qb3 Qa8 16. e5 Nh5 17. Bg5 Bxf3 18. Bxe7 Bxg2 19. Bxf8 Nf4 20. Re3 Nxe5 21.
Bxd6 Nexd3 22. Bxf4 Nxc1 23. Qc2 Bf1 24. Rg3 Rxc4 25. Qxc1 Rxc1 26. Bxc1 Bb5
27. Nxb6 Qd8 28. Rc3 Qd1+ 29. Kg2 Qf1+ 30. Kg3 Qg1+ 31. Kf3 h5 0-1

[Event "Ïåðâåíñòâî Ìîñêâû "]
[Site "ÐœÐ¾Ñ�ÐºÐ²Ð°, ÐœÐ“Ð˜ÐœÐž Ð¿Ñ€."]
[Date "2018.11.24"]
[Round "8.8"]
[White "Zakirov, Artur"]
[Black "Lukyanenko, Artemiy"]
[Result "0-1"]
[WhiteElo "1747"]
[BlackElo "1921"]
[PlyCount "42"]
[EventDate "2018.11.18"]

1. e4 e6 2. d4 d5 3. e5 c5 4. c3 Nc6 5. Nf3 Nge7 6. Bd3 cxd4 7. cxd4 Nf5 8.
Bxf5 exf5 9. O-O Be6 10. Bg5 Qd7 11. Nc3 h6 12. Bd2 Be7 13. a3 g5 14. Ne1 f4
15. g3 Bh3 16. Ng2 Nxd4 17. Bxf4 Nc6 18. Bc1 d4 19. Nb5 Bxg2 20. Re1 Bh3 21.
Qf3 Be6 0-1